| 000 | 00518nam a2200193 a 4500 | ||
|---|---|---|---|
| 005 | 20140310183339.0 | ||
| 008 | 061120s19uu xx 00 eng d | ||
| 020 | _a0071435352 | ||
| 050 |
_aHF 5438.4 _b.C343 2001 |
||
| 100 | _aCalvin, Robert J. | ||
| 245 | _aSales management. | ||
| 260 |
_aNew York : _bMcGraw-Hill, _c2001. |
||
| 300 |
_a253 p. : _bill. ; _c24 cm. |
||
| 440 | _aThe McGraw-Hill Executive MBA Series | ||
| 521 | _aBSBA | ||
| 650 | _aSales management. | ||
| 942 |
_cBK _2lcc _kFOR |
||
| 999 |
_c21761 _d21761 |
||